书目信息 |
| 题名: |
植物组织培养
|
|
| 作者: | 王清连 主编 | |
| 分册: | ||
| 出版信息: | 北京 中国农业出版社 2002 |
|
| 页数: | 205页 | |
| 开本: | 26cm | |
| 丛书名: | ||
| 单 册: | ||
| 中图分类: | Q943.1 | |
| 科图分类: | ||
| 主题词: | 植物组织--组织培养--高等教育--教材 | |
| 电子资源: | ||
| ISBN: | 7-109-07577-X | |
| 000 | 00831n|m0 2200253---450- | |
| 001 | 0102537173 | |
| 005 | 20121109170000.0 | |
| 010 | @a7-109-07577-X@dCNY18.30 | |
| 011 | @a7-109-07577-X | |
| 100 | @a20021203d2002----em-y0chiy0110----ea | |
| 101 | 0 | @achi |
| 102 | @aCN@b110000 | |
| 105 | @ay---z---000yy | |
| 135 | @adrbn ---auuuu | |
| 200 | 1 | @a植物组织培养@9Zhi Wu Zu Zhi Pei Yang @f王清连主编@b电子资源.图书 |
| 210 | @a北京@c中国农业出版社@d2002 | |
| 215 | @a205页@d26cm | |
| 325 | @a电子复制品 | |
| 330 | @a本教材主要包括:概述及植物组织培养实验室的构建和操作技术、胚胎培养、细胞培养、原生质体培养和体细胞杂交、种植资源保存等11章。 | |
| 606 | 0 | @a植物组织@x组织培养@x高等教育@j教材 |
| 690 | @aQ943.1@v4 | |
| 701 | 0 | @a王清连@4主编@9wang qing lian |
| 801 | 0 | @aCN@bAZmarc@c20230903 |
| 905 | @dQ943.1@e4@f1@sQ943.1/4@aBZT | |
| 植物组织培养/王清连主编[电子资源.图书].-北京:中国农业出版社,2002 |
| 205页;26cm |
| ISBN 7-109-07577-X:CNY18.30 |
| 本教材主要包括:概述及植物组织培养实验室的构建和操作技术、胚胎培养、细胞培养、原生质体培养和体细胞杂交、种植资源保存等11章。 |
| ● |
| 相关链接 |
|
|
|
正题名:植物组织培养
索取号:Q943.1/4
 
预约/预借
| 序号 | 登录号 | 条形码 | 馆藏地/架位号 | 状态 | 备注 |
| 1 | 2000060031 | 2000060031 | 旧书回溯/ [索取号:Q943.1/4] | 在馆 |